[Event "Lisbon Cup 26th"]
[Site "Lisbon"]
[Date "2015.03.16"]
[Round "4"]
[White "Fortunato, Antonio Eduardo"]
[Black "Correia, Alexandre Miguel"]
[Result "1-0"]
[WhiteElo "1670"]
[BlackElo "1696"]
[PlyCount "142"]
[EventDate "2015.01.18"]
[EventType "swiss"]
[EventRounds "7"]
[EventCountry "POR"]
[SourceTitle "EXT 2017"]
[Source "ChessBase"]
[SourceDate "2016.10.25"]
[SourceVersion "1"]
[SourceVersionDate "2016.10.25"]
[SourceQuality "1"]

1. b3 e5 2. Bb2 Nc6 3. e3 Bd6 4. Nc3 a6 5. Bc4 Nf6 6. Nge2 0-0 7. 0-0 Re8 8. Ng3 b5 9. Be2 Bb7 10. Nce4 Nxe4 11. Nxe4 f5 12. Nxd6 cxd6 13. c4 Qg5 14. f4 Qe7 15. cxb5 axb5 16. Bxb5 exf4 17. exf4 Qe4 18. Qf3 Qb4 19. Qc3 Re7 20. Bc4+ Kh8 21. a3 Qxc3 22. Bxc3 Rae8 23. Bd5 Ba6 24. Bc4 Bxc4 25. bxc4 Re4 26. d3 Re2 27. Rfe1 Nd4 28. Rab1 Kg8 29. Kf1 Rxe1+ 30. Rxe1 Ne6 31. Bb4 Ra8 32. Bxd6 Ra6 33. Bb4 Kf7 34. g3 d6 35. Rb1 Nd4 36. Kg2 Ke6 37. c5 dxc5 38. Bxc5 Kd5 39. Bxd4 Kxd4 40. Rb3 Ra7 41. Kf2 Re7 42. a4 Ra7 43. Ra3 Ra5 44. Kf3 h6 45. h3 g5 46. g4 fxg4+ 47. hxg4 gxf4 48. Kxf4 Kc5 49. Ke4 Kb4 50. Ra1 Rg5 51. Kf4 Ka5 52. d4 Rd5 53. Ke4 Rg5 54. Kf3 Rd5 55. Rh1 Kxa4 56. Rxh6 Rxd4 57. g5 Rd7 58. Rf6 Kb5 59. g6 Rg7 60. Kg4 Kc5 61. Kg5 Kd5 62. Rf7 Rg8 63. Kf6 Kd6 64. Ra7 Re8 65. Kf7 Re4 66. Ra6+ Kd7 67. g7 Re7+ 68. Kf6 Re8 69. Kg6 Re3 70. Ra7+ Kd6 71. g8Q Rg3+ 1-0

[Event "POR-ch U20"]
[Site "Braga"]
[Date "2013.08.05"]
[Round "5.4"]
[White "Correia, Alexandre Miguel"]
[Black "Macedo, Adriano Esteves"]
[Result "0-1"]
[WhiteElo "1707"]
[BlackElo "1700"]
[PlyCount "70"]
[EventDate "2013.08.02"]
[EventType "swiss"]
[EventRounds "7"]
[EventCountry "POR"]
[SourceTitle "EXT 2015"]
[Source "ChessBase"]
[SourceDate "2014.11.20"]
[SourceVersion "1"]
[SourceVersionDate "2014.11.20"]
[SourceQuality "1"]

1. e4 c5 2. Nf3 d6 3. d4 cxd4 4. Nxd4 Nf6 5. Nc3 a6 6. Be3 e5 7. Nb3 Be6 8. f3 Be7 9. Qd2 0-0 10. 0-0-0 a5 11. a4 Na6 12. g4 Nb4 13. g5 Nh5 14. Kb1 Qb8 15. Rg1 Rc8 16. f4 Nxf4 17. Bxf4 exf4 18. Qxf4 Bc4 19. h4 Qc7 20. Bh3 b5 21. Bxc8 Qxc8 22. Qf5 Be6 23. Qxb5 Rb8 24. Qxa5 Bd8 25. Qa7 Bb6 26. Qe7 Bxg1 27. Rxg1 Nxc2 28. Kxc2 Bxb3+ 29. Kc1 Qc5 30. Re1 Qf2 31. Re2 Qf4+ 32. Rd2 Qf1+ 33. Rd1 Bxd1 34. Nxd1 Qf4+ 35. Kb1 Qd2 0-1

[Event "POR-ch prel"]
[Site "Lisbon"]
[Date "2013.07.21"]
[Round "9.27"]
[White "Correia, Alexandre Miguel"]
[Black "Paiva, Henrique MA Alberg"]
[Result "0-1"]
[WhiteElo "1707"]
[BlackElo "1610"]
[PlyCount "56"]
[EventDate "2013.07.15"]
[EventType "swiss"]
[EventRounds "9"]
[EventCountry "POR"]
[SourceTitle "EXT 2015"]
[Source "ChessBase"]
[SourceDate "2014.11.20"]
[SourceVersion "1"]
[SourceVersionDate "2014.11.20"]
[SourceQuality "1"]

1. e4 c5 2. Nf3 d6 3. Bb5+ Bd7 4. Bxd7+ Qxd7 5. c3 Nf6 6. Qe2 Nc6 7. 0-0 e6 8. d4 cxd4 9. cxd4 d5 10. e5 Ne4 11. Nbd2 Nxd2 12. Bxd2 Be7 13. Rac1 0-0 14. Be3 Rac8 15. Nd2 f6 16. f4 Nb4 17. Bf2 Nxa2 18. Ra1 Nb4 19. Rxa7 Na6 20. b4 Bxb4 21. Rb1 Rc2 22. Be3 fxe5 23. fxe5 Qc6 24. Rxa6 Qxa6 25. Qd1 Bxd2 26. Bxd2 Qd3 27. Bb4 Qe3+ 28. Kh1 Qe4 0-1

[Event "POR-ch prel"]
[Site "Lisbon"]
[Date "2013.07.20"]
[Round "8.21"]
[White "Correia, Alexandre Miguel"]
[Black "Lavrador, Rodolfo Manuel"]
[Result "0-1"]
[WhiteElo "1707"]
[BlackElo "2016"]
[PlyCount "54"]
[EventDate "2013.07.15"]
[EventType "swiss"]
[EventRounds "9"]
[EventCountry "POR"]
[SourceTitle "EXT 2015"]
[Source "ChessBase"]
[SourceDate "2014.11.20"]
[SourceVersion "1"]
[SourceVersionDate "2014.11.20"]
[SourceQuality "1"]

1. e4 e6 2. Qe2 c5 3. d3 Nc6 4. c3 Nge7 5. f4 d5 6. Nf3 b6 7. g3 Ba6 8. e5 Nf5 9. Bg2 Rc8 10. 0-0 Be7 11. Na3 h5 12. Nc2 h4 13. g4 h3 14. gxf5 hxg2 15. Kxg2 exf5 16. Be3 Qd7 17. Rg1 Kf8 18. Kf2 Bh4+ 19. Nxh4 Rxh4 20. Rg2 d4 21. cxd4 Nxd4 22. Bxd4 cxd4 23. Rag1 Rxf4+ 24. Ke1 g6 25. e6 Qxe6 26. Qxe6 fxe6 27. Rxg6 Rxc2 0-1

[Event "POR-ch prel"]
[Site "Lisbon"]
[Date "2013.07.20"]
[Round "7.18"]
[White "Fanha, Paulo Alexandre Mar"]
[Black "Correia, Alexandre Miguel"]
[Result "1-0"]
[WhiteElo "1936"]
[BlackElo "1707"]
[PlyCount "79"]
[EventDate "2013.07.15"]
[EventType "swiss"]
[EventRounds "9"]
[EventCountry "POR"]
[SourceTitle "EXT 2015"]
[Source "ChessBase"]
[SourceDate "2014.11.20"]
[SourceVersion "1"]
[SourceVersionDate "2014.11.20"]
[SourceQuality "1"]

1. b3 e5 2. Bb2 Nc6 3. e3 Bd6 4. Bb5 a6 5. Bxc6 dxc6 6. Nf3 Qe7 7. d3 Bg4 8. Nbd2 f5 9. h3 Bh5 10. e4 fxe4 11. Nxe4 Nf6 12. Ng3 Bg6 13. Nh4 0-0-0 14. Nxg6 hxg6 15. Qe2 Rde8 16. 0-0-0 Qf7 17. Ne4 Nd7 18. Rhe1 Rhf8 19. f3 Bb4 20. c3 Bd6 21. Kb1 Qd5 22. d4 exd4 23. Rxd4 Qf5 24. g4 Qf7 25. Rxd6 Rxe4 26. Qxe4 cxd6 27. c4 Qxf3 28. Qxg6 Qg3 29. Rd1 Kc7 30. h4 Rf2 31. h5 Qh2 32. Qxg7 Rd2 33. Rxd2 Qxd2 34. Qg6 Nc5 35. Qc2 Qg5 36. Bc1 Qxg4 37. h6 Qg1 38. h7 Qh1 39. b4 Ne4 40. h8Q 1-0

[Event "POR-ch U20"]
[Site "Braga"]
[Date "2013.??.??"]
[Round "7.5"]
[White "Mendes, Modeste"]
[Black "Correia, Alexandre Miguel"]
[Result "1/2-1/2"]
[WhiteElo "1767"]
[BlackElo "1707"]
[PlyCount "136"]
[EventDate "2013.08.02"]
[EventType "swiss"]
[EventRounds "7"]
[EventCountry "POR"]
[SourceTitle "EXT 2015"]
[Source "ChessBase"]
[SourceDate "2014.11.20"]
[SourceVersion "1"]
[SourceVersionDate "2014.11.20"]
[SourceQuality "1"]

1. d4 Nf6 2. c4 g6 3. Nc3 d6 4. e4 Bg7 5. Bd3 0-0 6. Nge2 e5 7. d5 Nbd7 8. 0-0 Nc5 9. Bc2 a5 10. Be3 Ne8 11. Ng3 f5 12. exf5 gxf5 13. Nh5 Qh4 14. f4 e4 15. Nxg7 Kxg7 16. Bf2 Qh6 17. a3 Kf7 18. b4 Nd7 19. Ne2 Ndf6 20. Qd2 Rg8 21. c5 Ng4 22. Bg3 Qg6 23. Nd4 Ng7 24. Bb3 Nh5 25. Bh4 e3 26. Qe2 Nf2 27. g3 Nxf4 28. Qxe3 N4h3+ 29. Kg2 Re8 30. Ne6 f4 31. Rxf2 Nxf2 32. Qxf4+ Kg8 33. Qxf2 axb4 34. Rf1 Bd7 35. axb4 Bb5 36. Re1 Ra3 37. Qb2 Raa8 38. Bc2 Qf7 39. Be4 Bc4 40. Ng5 Qg7 41. Bxh7+ Kh8 42. Rxe8+ Rxe8 43. Qxg7+ Kxg7 44. Be4 Re5 45. Ne6+ Kf7 46. Nxc7 dxc5 47. bxc5 Rxe4 48. Kf3 Rd4 49. Ke3 Rd1 50. Ke4 Rd2 51. h3 Ba2 52. Bg5 Rh2 53. h4 Rg2 54. Ke5 Rxg3 55. Nb5 Rg1 56. Nd6+ Kf8 57. Nxb7 Re1+ 58. Kd6 Rd1 59. c6 Bxd5 60. Kc5 Bg2 61. Nd8 Ke8 62. c7 Kd7 63. Ne6 Bh3 64. Nf4 Bf5 65. Nd5 Rxd5+ 66. Kxd5 Kxc7 67. Ke5 Bb1 68. h5 Kb7 1/2-1/2

[Event "POR-ch U18"]
[Site "Torres Vedras"]
[Date "2012.03.26"]
[Round "2.2"]
[White "Mateus, Francisco"]
[Black "Correia, Alexandre Miguel"]
[Result "1-0"]
[WhiteElo "2085"]
[BlackElo "1694"]
[PlyCount "46"]
[EventDate "2012.03.25"]
[EventType "swiss"]
[EventRounds "7"]
[EventCountry "POR"]
[SourceTitle "EXT 2015"]
[Source "ChessBase"]
[SourceDate "2014.11.20"]
[SourceVersion "1"]
[SourceVersionDate "2014.11.20"]
[SourceQuality "1"]

1. e4 e6 2. d4 d5 3. exd5 exd5 4. Bf4 Bf5 5. Nc3 c6 6. Qd2 Bb4 7. 0-0-0 Ne7 8. f3 Na6 9. Nge2 Qd7 10. g4 Bg6 11. Ng3 Nc7 12. h4 h6 13. Bh3 Qd8 14. Nf5 Ne6 15. Rde1 0-0 16. Bg3 Nc8 17. f4 Bxf5 18. gxf5 Nc7 19. f6 Qxf6 20. f5 Bd6 21. Be5 Bxe5 22. dxe5 Qxh4 23. Reg1 Qd8 1-0

[Event "POR-ch U18"]
[Site "Torres Vedras"]
[Date "2011.04.11"]
[Round "2"]
[White "Correia, Alexandre Miguel"]
[Black "Ulyanovskyy, Vladimir Viktorovic"]
[Result "0-1"]
[WhiteElo "1681"]
[BlackElo "2056"]
[PlyCount "114"]
[EventDate "2011.04.10"]
[EventType "swiss"]
[EventRounds "7"]
[EventCountry "POR"]
[SourceTitle "CBM 141 Extra"]
[Source "ChessBase"]
[SourceDate "2011.05.03"]
[SourceVersion "1"]
[SourceVersionDate "2011.05.03"]
[SourceQuality "1"]

1. e4 c5 2. Nf3 d6 3. Bb5+ Bd7 4. Bxd7+ Nxd7 5. Qe2 Ngf6 6. 0-0 a6 7. c3 e6 8. d4 cxd4 9. cxd4 Be7 10. Nc3 0-0 11. h3 Nb6 12. Be3 Rc8 13. Nd2 Qe8 14. Rfc1 Na4 15. Nxa4 Qxa4 16. Qd3 Qb5 17. Qxb5 axb5 18. a3 d5 19. f3 Nd7 20. Bf4 Nb6 21. Rc7 Rxc7 22. Bxc7 Na8 23. Ba5 Rc8 24. Bc3 Nb6 25. Rc1 Bg5 26. Rd1 Na4 27. Nb1 h5 28. Rd3 Nb6 29. Nd2 Na4 30. Nb1 f5 31. e5 Nb6 32. Nd2 h4 33. Kf2 Kf7 34. Ke2 Na4 35. Nb1 Nxb2 36. Bxb2 Rc2+ 37. Nd2 Rxb2 38. Kd1 Ke7 39. Kc1 Rxd2 40. Rxd2 Bxd2+ 41. Kxd2 Kd7 42. Kc3 Kc6 43. Kb3 f4 44. Kc3 Kb6 45. Kb4 g6 46. a4 bxa4 47. Kxa4 Ka6 48. Kb4 b5 49. Kc5 Ka5 50. Kd6 b4 51. Kxe6 b3 52. Kxd5 b2 53. Kd6 b1Q 54. d5 Kb6 55. e6 Qb4+ 56. Ke5 Kc7 57. Kf6 Qf8+ 0-1